Alle Länder im Umkreis von 1000 km um Deutschland - Statistiken

Allgemein
  • Dieses Quiz wurde 113 mal gespielt
  • Das Durchschnittsergebnis liegt bei 40 aus 41
Antwortstatistiken
km Land % Korrekt
0 Belgien
100%
0 Luxemburg
100%
0 Niederlande
100%
0 Polen
100%
357,7 Russland
100%
0 Tschechien
100%
718,3 Andorra
99%
0 Dänemark
99%
327,3 Norwegen
99%
0 Österreich
99%
0 Schweiz
99%
223,2 Slowakei
99%
219,4 Ungarn
99%
632,9 Estland
98%
704,4 Finnland
98%
0 Frankreich
98%
971,8 Griechenland
98%
45,5 Italien
98%
496,3 Lettland
98%
459,6 Litauen
98%
72,7 Schweden
98%
118 Slowenien
98%
570,4 Ukraine
98%
32,3 Liechtenstein
97%
388,1 San Marino
97%
668,4 Spanien
96%
294,7 Vereinigtes Königreich
95%
750,9 Albanien
94%
760,1 Kosovo
94%
559,5 Rumänien
94%
476,6 Serbien
94%
618,2 Vatikanstadt
94%
820,4 Irland
93%
221,5 Kroatien
93%
572,2 Belarus
92%
636,8 Montenegro
92%
825 Bulgarien
91%
858 Nordmazedonien
91%
330,8 Bosnien und Herzegowina
90%
421,1 Monaco
89%
897,2 Moldawien
88%
Keine übereinstimmenden Quizze gefunden
Verteilung der Resultate
Anzahl Personen mit jedem Resultat
Perzentil nach korrekt beantworteten Fragen
Ihre Resultats-Entwicklung
Sie haben dieses Quiz noch nicht gespielt